| 000 | 00703na a2200253 4500 | ||
|---|---|---|---|
| 001 | 18214 | ||
| 003 | MIRAKIL | ||
| 005 | 20181213155026.0 | ||
| 008 | 161115b tu 000 0 | ||
| 020 | _a9759232529 | ||
| 040 |
_aMilas _btur _cTR-AnCHP |
||
| 041 | _atur | ||
| 082 |
_a302.23 _bR79 2003 |
||
| 090 | _a302.23 R79 2003 | ||
| 111 |
_aRTÜK-EGM Ortak Paneli _cAnkara _d2003 |
||
| 245 |
_aMedya ve polis _cRadyo ve Televizyon Üst Kurulu (RTÜK) |
||
| 260 |
_aAnkara _bRadyo ve Televizyon Üst Kurulu (RTÜK) _c2003 |
||
| 300 |
_a105 s. _c23 sm. |
||
| 490 |
_aRTÜK _v5 |
||
| 650 |
_aMedya _xPolisler _yToplantılar |
||
| 650 |
_aMedya _xToplantılar |
||
| 710 | _aRTÜK | ||
| 942 |
_2ddc _cBKS |
||
| 999 |
_c5065 _d5065 |
||